000
00265nam a2200109Ia 4500
008
190914s9999||||xx |||||||||||||| ||und||
100
_a
Parag Kulkarni
245
0
_a
IT Strategy For Business
260
_a
New Delhi
_b
Prentice Hall
_c
2006
300
_a
273
942
_c
BK
999
_c
9893
_d
9893